[Event "London Chess Classic 2023"]
[Site "Londra"]
[Date "01.12.2023"]
[Round "1"]
[White "Vitiugov, Nikita"]
[Black "Volokitin, Andrei"]
[Result "1/2-1/2"]
[WhiteElo "2712"]
[BlackElo "2660"]
[EventDate "2023.12.01"]

1. Nf3 Nf6 2. b3 g6 3. Bb2 Bg7 4. g3 c5 5. c4 d6 6. Bg2 e5 7. O-O Nc6 8.
Nc3 O-O 9. d3 Ne8 10. a3 a5 11. Ne1 Nc7 12. Nc2 Rb8 13. Ne3 Bd7 14. Ned5
Nxd5 15. Nxd5 Ne7 16. Nxe7+ Qxe7 17. Bc3 b6 18. b4 axb4 19. axb4 b5 20. Ra7
cxb4 21. Bxb4 bxc4 22. Ba5 e4 23. dxc4 Ra8 24. Rxa8 Rxa8 25. Bb4 Ra6 26. c5
dxc5 27. Bxc5 Qe8 28. Qd2 Bc6 29. Rd1 Ra1 30. Rxa1 Bxa1 31. h4 h5 32. Bd4
Qd7 33. e3 Bxd4 34. Qxd4 Qe6 35. Bf1 Bd5 36. Bb5 Kh7 37. Qc5 Kg7 38. Kg2
Qf5 39. Qd6 Qf3+ 40. Kg1 Qd1+ 41. Kh2 Qb3 42. Qe5+ Kh7 43. Bd7 Be6 44. Bxe6
1/2-1/2

[Event "London Chess Classic 2023"]
[Site "Londra"]
[Date "01.12.2023"]
[Round "1"]
[White "Gukesh, Dommaraju"]
[Black "Bartel, Mateusz"]
[Result "1-0"]
[WhiteElo "2746"]
[BlackElo "2651"]
[EventDate "2023.12.01"]

1. e4 e6 2. d4 d5 3. Nc3 Nf6 4. e5 Nfd7 5. f4 c5 6. Nf3 Be7 7. Be3 O-O 8.
dxc5 Nxc5 9. Qd2 Nbd7 10. O-O-O Nb6 11. Bxc5 Bxc5 12. Bd3 f5 13. exf6 Qxf6
14. Ne2 Bd7 15. Kb1 Bd6 16. g3 Be8 17. Ned4 Bg6 18. Rhe1 Rae8 19. Bxg6 hxg6
20. b3 e5 21. fxe5 Bxe5 22. Nxe5 Rxe5 23. Rxe5 Qxe5 24. Re1 Qf6 25. a4 Nd7
26. Nb5 Qc6 27. Nxa7 Qc5 28. Nb5 Rc8 29. b4 Qf8 30. Qxd5+ Kh7 31. Re4 Qf1+
32. Kb2 Nf6 33. Rh4+ Nh5 34. Qd3 Qf6+ 35. c3 Kh8 36. Nd6 Rf8 37. Ne4 Qe7
38. Qd6 Qe8 39. g4 Rf1 40. gxh5 g5 41. Rg4 1-0

[Event "London Chess Classic 2023"]
[Site "Londra"]
[Date "01.12.2023"]
[Round "1"]
[White "Moussard, Jules"]
[Black "Niemann, Hans Moke"]
[Result "1/2-1/2"]
[WhiteElo "2639"]
[BlackElo "2659"]
[EventDate "2023.12.01"]

1. e4 e5 2. Nf3 Nc6 3. Bb5 Nf6 4. O-O Nxe4 5. Re1 Nd6 6. Nxe5 Be7 7. Bf1
Nxe5 8. Rxe5 O-O 9. d4 Bf6 10. Re1 Re8 11. Bf4 Rxe1 12. Qxe1 Ne8 13. c3 d5
14. Nd2 Bf5 15. Qe3 c6 16. Re1 h6 17. Qg3 Bg5 18. h4 Bxf4 19. Qxf4 Qf6 20.
Nf3 Be4 21. Qxf6 Nxf6 22. Ne5 Bf5 23. f3 Nd7 24. g4 Nxe5 25. Rxe5 Bd7 26.
Kf2 Re8 27. Rxe8+ Bxe8 28. Ke3 g5 29. hxg5 hxg5 30. f4 f6 31. f5 Kf8
1/2-1/2

[Event "London Chess Classic 2023"]
[Site "Londra"]
[Date "01.12.2023"]
[Round "1"]
[White "Adams, Michael"]
[Black "Tabatabaei, Amin"]
[Result "1-0"]
[WhiteElo "2670"]
[BlackElo "2694"]
[EventDate "2023.12.01"]

1. e4 e5 2. Nf3 Nc6 3. Bc4 Nf6 4. d3 Bc5 5. Nc3 h6 6. O-O O-O 7. h3 d6 8.
Na4 Bb6 9. a3 Be6 10. Bxe6 fxe6 11. c3 Qe8 12. b4 Ne7 13. Ra2 Kh8 14. Re1
g5 15. d4 Ng6 16. dxe5 dxe5 17. Nxb6 cxb6 18. c4 Qc6 19. Rc2 Rad8 20. Qe2
Qa4 21. c5 Nh5 22. Rc3 Nhf4 23. Bxf4 Nxf4 24. Qe3 Rd1 25. cxb6 axb6 26. Kh2
Rxe1 27. Qxe1 Qd7 28. g3 Nh5 29. Nxe5 Qg7 30. Rf3 Rxf3 31. Nxf3 Nf6 32. Qe3
Qc7 33. Qd4 Kg7 34. Ne5 h5 35. Nf3 g4 36. hxg4 hxg4 37. e5 gxf3 38. exf6+
Kf7 39. Qg4 Kxf6 40. Qxf3+ Ke7 41. Qe4 Qb8 42. Qh4+ Kd7 43. Qd4+ Kc6 44.
Qc4+ Kd6 45. Qf4+ e5 46. Qf6+ Kd5 47. Qxb6 1-0

[Event "London Chess Classic 2023"]
[Site "Londra"]
[Date "01.12.2023"]
[Round "1"]
[White "McShane, Luke"]
[Black "Royal, Shreyas"]
[Result "1/2-1/2"]
[WhiteElo "2626"]
[BlackElo "2404"]
[EventDate "2023.12.01"]

1. e4 c5 2. Nf3 d6 3. Bb5+ Nd7 4. O-O a6 5. Be2 Ngf6 6. d3 b5 7. a4 Bb7 8.
Na3 e5 9. c3 Be7 10. Be3 Bc6 11. d4 cxd4 12. cxd4 Bxe4 13. axb5 axb5 14.
Nxb5 Rxa1 15. Qxa1 Nd5 16. Bd2 O-O 17. Rc1 Qb8 18. Qa4 N7b6 19. Qb3 Bf5 20.
dxe5 dxe5 21. Bf1 Rd8 22. Re1 Bf6 23. Bg5 Bxg5 24. Nxg5 f6 25. Ne4 Be6 26.
Qa3 Nc7 27. Nbd6 Ne8 28. Nxe8 Rxe8 29. b4 Rd8 30. b5 Rd4 31. g3 Nc4 32. Qc5
Nd6 33. Nc3 Qc8 34. Qxc8+ Bxc8 35. Ra1 Bb7 36. Na4 Ne4 37. Bg2 Rb4 38. b6
Nd6 39. Bxb7 Nxb7 40. Rc1 Na5 41. Rc8+ Kf7 42. Ra8 Nc6 43. Kf1 Ke6 44. Ke2
Kd5 45. Kd2 Kd4 46. Kc2 e4 47. Rc8 Kd5 48. Nc3+ Kd6 49. Rg8 Nd4+ 50. Kd2
Ne6 51. Nxe4+ Ke5 52. Re8 Rxb6 53. Nc5 Kd5 54. Nxe6 1/2-1/2

[Event "London Chess Classic 2023"]
[Site "Londra"]
[Date "02.12.2023"]
[Round "2"]
[White "Tabatabaei, Amin"]
[Black "McShane, Luke"]
[Result "1-0"]
[WhiteElo "2694"]
[BlackElo "2626"]
[EventDate "2023.12.01"]

1. e4 e5 2. Nf3 Nc6 3. Bc4 Bc5 4. c3 Nf6 5. d3 O-O 6. Bg5 Be7 7. Nbd2 d6 8.
a4 Ng4 9. Bxe7 Qxe7 10. a5 Kh8 11. h3 Nf6 12. Nf1 Be6 13. Qb3 b6 14. Bxe6
fxe6 15. axb6 axb6 16. Rxa8 Rxa8 17. Ng3 Ra1+ 18. Ke2 Rxh1 19. Nxh1 Nh5 20.
Kf1 Nd8 21. Qb5 g6 22. Kg1 Nf7 23. Kh2 Kg7 24. Ng3 Nxg3 25. Kxg3 Qf6 26. h4
h6 27. Qd7 g5 28. Kh3 c5 29. h5 c4 30. dxc4 g4+ 31. Kxg4 Qf4+ 32. Kh3 Qxe4
33. Kh2 Qxc4 34. Kg1 Qb3 35. g3 Kf6 36. Nh2 Qd1+ 37. Kg2 Qxh5 38. Qb5 d5
39. Qxb6 Qd1 40. b4 e4 41. b5 Ne5 42. Qd8+ Kf7 43. Qc7+ Kf6 44. b6 Nf3 45.
Qf4+ Ke7 46. Nxf3 exf3+ 47. Qxf3 Qb1 48. Qe3 Kf7 49. Qf4+ Ke7 50. Qc7+ Kf6
51. b7 Qe4+ 52. Kh2 Qe2 53. Qf4+ Kg6 54. b8=Q 1-0

[Event "London Chess Classic 2023"]
[Site "Londra"]
[Date "02.12.2023"]
[Round "2"]
[White "Vitiugov, Nikita"]
[Black "Gukesh, Dommaraju"]
[Result "1/2-1/2"]
[WhiteElo "2712"]
[BlackElo "2746"]
[EventDate "2023.12.01"]

1. d4 d5 2. c4 c6 3. Nf3 Nf6 4. cxd5 cxd5 5. Nc3 Nc6 6. Bf4 Bf5 7. e3 e6 8.
Ne5 Nd7 9. Nxc6 bxc6 10. a3 Be7 11. Be2 O-O 12. Rc1 c5 13. dxc5 Nxc5 14. b4
Ne4 15. Nxe4 Bxe4 16. O-O Bd6 17. Bxd6 Qxd6 18. Qd2 Rfc8 19. Rc3 e5 20.
Rfc1 Rd8 21. Rc7 d4 22. f3 Bd5 23. exd4 Be6 24. d5 Qb6+ 25. R1c5 Rxd5 26.
Qe3 Rxc5 27. Qxc5 f6 28. Kf1 Qxc5 29. Rxc5 Rc8 30. Rxc8+ Bxc8 31. Bc4+ Kf8
32. Ke2 Ke7 33. Kd3 f5 34. a4 g5 35. Bd5 Kd6 36. Kc4 Bd7 37. b5 h6 38. Ba8
Be6+ 39. Kb4 Bf7 40. a5 Kc7 41. Kc5 Bb3 42. Bc6 Bc2 43. b6+ axb6+ 44. axb6+
Kb8 45. Kd5 e4 46. Kd4 exf3 47. Bxf3 f4 48. Ke5 Bg6 49. Kf6 Be8 50. Ke7 Bb5
51. Kf6 Be8 52. Kg7 h5 53. Kf6 g4 54. Be4 f3 55. gxf3 gxf3 56. Bxf3 h4 57.
Kg5 h3 58. Kh4 Bd7 59. Kg3 Be6 60. Kf4 Bd7 61. Bg4 Be8 62. Bf3 Bd7 63. Kg5
Be8 64. Kf5 Bb5 65. Ke5 Bf1 66. Kf4 Bg2 67. Kg3 Bxf3 68. Kxf3 Kb7 69. Kg4
Kxb6 70. Kxh3 Kc7 71. Kg4 Kd7 72. Kg5 Ke7 73. Kg6 Kf8 74. h4 Kg8 75. h5 Kh8
76. h6 Kg8 77. h7+ Kh8 78. Kh6 1/2-1/2

[Event "London Chess Classic 2023"]
[Site "Londra"]
[Date "03.12.2023"]
[Round "3"]
[White "Gukesh, Dommaraju"]
[Black "Volokitin, Andrei"]
[Result "1-0"]
[WhiteElo "2746"]
[BlackElo "2660"]
[EventDate "2023.12.01"]

1. c4 Nf6 2. Nc3 c5 3. g3 d5 4. cxd5 Nxd5 5. Bg2 Nc7 6. b3 e5 7. Bb2 Be7 8.
Rc1 O-O 9. Ne4 b6 10. Bxe5 Bb7 11. Ba1 Qc8 12. g4 Ne6 13. Nh3 Nc6 14. e3
Nb4 15. O-O Nxa2 16. Rb1 Nb4 17. f4 f6 18. Qf3 Bc6 19. f5 Nc7 20. g5 fxg5
21. Qg3 h6 22. f6 gxf6 23. Bxf6 Bxe4 24. Nxg5 Bxf6 25. Rxf6 Rxf6 26. Nxe4+
Kh8 27. Nxf6 Qf5 28. Rf1 1-0

[Event "London Chess Classic 2023"]
[Site "Londra"]
[Date "03.12.2023"]
[Round "3"]
[White "Moussard, Jules"]
[Black "Vitiugov, Nikita"]
[Result "1-0"]
[WhiteElo "2639"]
[BlackElo "2712"]
[EventDate "2023.12.01"]

1. e4 e5 2. Nf3 Nc6 3. Bb5 a6 4. Ba4 Nf6 5. O-O Be7 6. Re1 b5 7. Bb3 O-O 8.
a4 b4 9. d3 d6 10. Nbd2 Na5 11. Ba2 c5 12. c3 Rb8 13. d4 Qc7 14. dxe5 dxe5
15. Nc4 Rd8 16. Qe2 b3 17. Nxa5 bxa2 18. Nc4 Be6 19. Rxa2 Nd7 20. Ra1 f6
21. Be3 Nb6 22. Nfd2 Nxc4 23. Nxc4 Qc6 24. f3 Bf7 25. b3 Rd7 26. Reb1 Rbd8
27. Rd1 Qb7 28. Rxd7 Qxd7 29. Kf2 Rb8 30. Rb1 Qc7 31. Rb2 h5 32. Nd2 Qa5
33. c4 Qb4 34. Qd3 Be6 35. Rc2 Qb7 36. Rc3 h4 37. Qc2 g6 38. Rd3 f5 39. Ke1
h3 40. g3 Rf8 41. Qc3 Qc7 42. Kd1 Bf6 43. Kc2 Rf7 44. Qa1 Qc6 45. Qg1 Be7
46. g4 fxg4 47. fxg4 Qc8 48. Qg3 Bxg4 49. Qxe5 Qe6 50. Qg3 Be2 51. Rd5 Qg4
52. Qb8+ Kg7 53. Bxc5 Bxc5 54. Qe5+ Kh7 55. Rxc5 Qf4 56. Qxf4 Rxf4 57. b4
Rf2 58. b5 axb5 59. axb5 Rxh2 60. b6 Bf3 61. Re5 Rxd2+ 62. Kxd2 h2 63. Re7+
Kh6 64. Re8 Kg5 65. Rh8 Bh5 66. b7 h1=Q 67. b8=Q Qd1+ 68. Kc3 Qe1+ 69. Kd4
Qd2+ 70. Kc5 Qe3+ 71. Kb4 Qe1+ 72. Kb5 Qxe4 73. Qg3+ Bg4 74. Qh4+ Kf4 75.
Rf8+ Ke3 76. Qf2+ Kd3 77. Rd8+ 1-0

[Event "London Chess Classic 2023"]
[Site "Londra"]
[Date "03.12.2023"]
[Round "3"]
[White "Adams, Michael"]
[Black "Bartel, Mateusz "]
[Result "1-0"]
[WhiteElo "2670"]
[BlackElo "2651"]
[EventDate "2023.12.01"]

1. e4 c6 2. d4 d5 3. e5 Bf5 4. Nf3 e6 5. Be2 Nd7 6. O-O a5 7. a4 f6 8. Be3
Qb6 9. Nbd2 fxe5 10. Nxe5 Nxe5 11. dxe5 Bc5 12. Bxc5 Qxc5 13. Nb3 Qe7 14.
Bh5+ g6 15. Be2 h5 16. Qd2 Qc7 17. Bd3 Nh6 18. Nd4 Qe7 19. Ra3 Bxd3 20.
Rxd3 Nf5 21. Nxf5 gxf5 22. c4 Kf7 23. cxd5 exd5 24. Re1 Ke6 25. Rg3 Qf7 26.
b4 h4 27. Rb3 f4 28. bxa5 Rag8 29. Qb4 Rh7 30. Qd6+ Kf5 31. Rxb7 Qxb7 32.
Qf6+ Kg4 33. Qe6+ Kh5 34. Qxg8 Rg7 35. Qf8 d4 36. e6 c5 37. Qxg7 1-0

[Event "London Chess Classic 2023"]
[Site "Londra"]
[Date "03.12.2023"]
[Round "3"]
[White "McShane, Luke"]
[Black "Niemann, Hans Moke"]
[Result "1/2-1/2"]
[WhiteElo "2626"]
[BlackElo "2659"]
[EventDate "2023.12.01"]

1. e4 e5 2. Nf3 Nc6 3. Bb5 Nf6 4. O-O Nxe4 5. Re1 Nd6 6. Nxe5 Be7 7. Bf1
Nxe5 8. Rxe5 O-O 9. d4 Bf6 10. Re2 b6 11. Re1 Bb7 12. Bf4 Ne4 13. Nd2 Re8
14. c3 d6 15. Nxe4 Rxe4 16. Rxe4 Bxe4 17. Qa4 a6 18. Qb3 Qd7 19. Re1 Bb7
20. Bc4 b5 21. Bd5 Bc6 22. g3 Re8 23. Rxe8+ Qxe8 24. Be3 h5 25. h4 g6 26.
Kh2 Kg7 27. Bxc6 Qxc6 28. d5 Qd7 29. c4 Be5 30. cxb5 axb5 31. Qc2 Qc8 32.
b3 Qa8 33. Qd3 b4 34. Qc4 Qxa2 35. Qxb4 Qa6 36. Qc4 Qxc4 37. bxc4 Kf8
1/2-1/2

[Event "London Chess Classic 2023"]
[Site "Londra"]
[Date "03.12.2023"]
[Round "3"]
[White "Royal, Shreyas"]
[Black "Tabatabaei, Amin"]
[Result "1-0"]
[WhiteElo "2404"]
[BlackElo "2694"]
[EventDate "2023.12.01"]

1. d4 Nf6 2. c4 e6 3. Nc3 d5 4. cxd5 exd5 5. Bg5 Bb4 6. Nf3 h6 7. Bxf6 Qxf6
8. Qb3 Qd6 9. a3 Bxc3+ 10. Qxc3 O-O 11. e3 Bf5 12. Rc1 c6 13. Ne5 Nd7 14.
Bd3 Bxd3 15. Nxd3 Rfe8 16. O-O Nf6 17. b4 a6 18. a4 Ne4 19. Qb2 Qe7 20. b5
cxb5 21. axb5 a5 22. b6 Qd6 23. Rc7 Re7 24. Rfc1 Rae8 25. Nc5 Nxc5 26. dxc5
Qe6 27. Rxe7 Qxe7 28. Qb5 Rb8 29. Qxa5 Qd7 30. h3 Qc6 31. Qc3 Rc8 32. Qe5
g6 33. h4 h5 34. Kh2 Re8 35. Qd6 Qxd6+ 36. cxd6 Rd8 37. Rc7 Rxd6 38. Rxb7
Kg7 39. Kg3 Kf6 40. Kf3 d4 41. Ke2 dxe3 42. Kxe3 Ke6 43. f3 Kf6 44. g3 g5
45. Rb8 gxh4 46. Rh8 Re6+ 47. Kf4 hxg3 48. b7 g2 49. b8=Q g1=Q 50. Qd8+ Re7
51. Rh6+ Qg6 52. Qd4+ Ke6 53. Qb6+ Kd5 1-0

[Event "London Chess Classic 2023"]
[Site "Londra"]
[Date "04.12.2023"]
[Round "4"]
[White "Volokitin, Andrei"]
[Black "Tabatabaei, Amin"]
[Result "0-1"]
[WhiteElo "2660"]
[BlackElo "2694"]
[EventDate "2023.12.01"]

1. e4 e5 2. Nf3 Nc6 3. Bb5 a6 4. Ba4 Nf6 5. d3 d6 6. c3 g6 7. O-O Bg7 8. h3
O-O 9. Re1 h6 10. a3 b5 11. Bc2 Bb7 12. Be3 Re8 13. Qc1 Kh7 14. Nbd2 Nb8
15. b4 Nbd7 16. Nb3 Rc8 17. a4 c6 18. Qd2 Nb6 19. axb5 cxb5 20. Na5 Ba8 21.
c4 bxc4 22. Bxb6 Qxb6 23. Nxc4 Qc7 24. Bb3 Rcd8 25. Rxa6 d5 26. Ncxe5 Rxe5
27. Nxe5 Qxe5 28. exd5 Qd4 29. Bc4 Bb7 30. Ra5 Nxd5 31. Re4 Qf6 32. Ra4 0-1

[Event "London Chess Classic 2023"]
[Site "Londra"]
[Date "04.12.2023"]
[Round "4"]
[White "Niemann, Hans Moke"]
[Black "Royal, Shreyas"]
[Result "1-0"]
[WhiteElo "2659"]
[BlackElo "2404"]
[EventDate "2023.12.01"]

1. e4 e5 2. Nf3 Nc6 3. Bc4 Bc5 4. d3 Nf6 5. O-O d6 6. c3 a5 7. Re1 O-O 8.
h3 h6 9. Nbd2 Be6 10. Bb5 Qb8 11. Nf1 Qa7 12. Re2 a4 13. Ng3 Qa5 14. Bxc6
bxc6 15. Rc2 Rfb8 16. c4 Qb6 17. Qe2 Kh7 18. Rb1 Qa7 19. Bd2 Bb6 20. b4
axb3 21. axb3 c5 22. Nh4 Ng8 23. f4 exf4 24. Bxf4 Re8 25. Bd2 c6 26. Ngf5
d5 27. Bc3 d4 28. Bd2 Bc7 29. Qf3 g6 30. g4 Bd8 31. Ng2 gxf5 32. gxf5 Bc8
33. Kh1 Qe7 34. Rg1 Bc7 35. Qh5 Be5 36. Nh4 Ra7 37. Nf3 Bg7 38. Bf4 Bf8 39.
Rxg8 Kxg8 40. Rg2+ Bg7 41. Rxg7+ Kxg7 42. Bxh6+ Kh7 43. Bg5+ Kg8 44. Bxe7
Rexe7 45. f6 1-0

[Event "London Chess Classic 2023"]
[Site "Londra"]
[Date "04.12.2023"]
[Round "4"]
[White "Bartel, Mateusz "]
[Black "McShane, Luke"]
[Result "1-0"]
[WhiteElo "2651"]
[BlackElo "2626"]
[EventDate "2023.12.01"]

1. e4 e5 2. Nf3 Nc6 3. Bb5 Nf6 4. d3 Bc5 5. Bg5 h6 6. Bh4 d6 7. Nc3 Bd7 8.
Na4 Bb6 9. Nxb6 axb6 10. c3 g5 11. Bg3 Ne7 12. Bc4 Ng6 13. h4 Ng4 14. Qd2
f6 15. O-O-O Qe7 16. h5 Nf4 17. Bxf4 exf4 18. Nd4 O-O-O 19. Bb3 Rhe8 20.
Rde1 Qh7 21. g3 Ne5 22. gxf4 gxf4 23. Rd1 c5 24. Ne2 Bg4 25. Nxf4 Bxd1 26.
Rxd1 Kb8 27. Nd5 Rf8 28. f4 Nc6 29. f5 Qg7 30. Nxb6 Qg5 31. Be6 Qxh5 32.
Nd7+ Rxd7 33. Bxd7 Ne5 34. Be6 Qg5 35. Kc2 h5 36. d4 Nf3 37. Qf2 Qf4 38.
dxc5 h4 39. Rd3 1-0

[Event "London Chess Classic 2023"]
[Site "Londra"]
[Date "04.12.2023"]
[Round "4"]
[White "Vitiugov, Nikita"]
[Black "Adams, Michael"]
[Result "1/2-1/2"]
[WhiteElo "2712"]
[BlackElo "2670"]
[EventDate "2023.12.01"]

1. d4 Nf6 2. c4 e6 3. Nf3 d5 4. Nc3 Be7 5. Bf4 O-O 6. e3 Nbd7 7. c5 c6 8.
h3 b6 9. b4 a5 10. a3 h6 11. Bd3 Ba6 12. O-O Qc8 13. Qc2 Bxd3 14. Qxd3 Qb7
15. Rfc1 Rfc8 16. Qd1 Bd8 17. Ne1 Bc7 18. Nd3 Bxf4 19. exf4 Ra7 20. Rab1
axb4 21. axb4 b5 22. f3 Rca8 23. Qd2 Nf8 24. Rc2 Ng6 25. Ne2 Nd7 26. Rbb2
h5 27. g3 Ra1+ 28. Kg2 h4 29. g4 R8a4 30. Ra2 Qa7 31. Nc3 Ra3 32. Rxa1 Rxa1
33. Ra2 Rxa2 34. Qxa2 Qb8 35. Ne2 f6 36. Qa6 Ne7 37. Qa1 Nf8 38. Kg1 Nfg6
39. Kf2 Kf7 40. Ke3 Nf8 41. Kd2 Nfg6 42. Kc2 Ke8 43. Qa6 Kd7 44. Qa1 Ke8
45. Kd2 Kf7 46. Qa6 Nf8 47. Qb6 Qa8 48. Qa5 Qb8 49. Qb6 Qa8 50. Qa5 Qb8 51.
Qb6 1/2-1/2

[Event "London Chess Classic 2023"]
[Site "Londra"]
[Date "04.12.2023"]
[Round "4"]
[White "Gukesh, Dommaraju"]
[Black "Moussard, Jules"]
[Result "0-1"]
[WhiteElo "2746"]
[BlackElo "2639"]
[EventDate "2023.12.01"]

1. e4 e5 2. Nf3 Nf6 3. Nxe5 d6 4. Nf3 Nxe4 5. Nc3 Nxc3 6. dxc3 Be7 7. Be3
O-O 8. Qd2 Nd7 9. O-O-O Nf6 10. Bd3 Re8 11. a3 d5 12. Rhe1 Bg4 13. h3 Bxf3
14. gxf3 Qd7 15. Rg1 Qxh3 16. Bd4 g6 17. Qf4 Nh5 18. Qxc7 Qxf3 19. Bb5 Rac8
20. Qxb7 Rb8 21. Qa6 Red8 22. Be2 Qf4+ 23. Be3 Qe5 24. Qxa7 Nf4 25. Bf3 Bd6
26. Rd2 Bxa3 27. Rd4 Bxb2+ 28. Kd2 Ne6 29. Rd3 Bxc3+ 30. Rxc3 d4 31. Rd3
dxe3+ 32. Qxe3 Rxd3+ 33. cxd3 Nd4 0-1

[Event "London Chess Classic 2023"]
[Site "Londra"]
[Date "05.12.2023"]
[Round "5"]
[White "Moussard, Jules"]
[Black "Volokitin, Andrei"]
[Result "1/2-1/2"]
[WhiteElo "2639"]
[BlackElo "2660"]
[EventDate "2023.12.01"]

1. c4 Nf6 2. Nc3 e5 3. Nf3 Nc6 4. g3 d5 5. cxd5 Nxd5 6. Bg2 Nf6 7. O-O h6
8. a3 a6 9. b4 Bd6 10. d4 O-O 11. d5 Na7 12. Nd2 Nb5 13. Bb2 Nxc3 14. Bxc3
Bg4 15. h3 Bh5 16. Nc4 Re8 17. Rc1 Bg6 18. Qb3 Be4 19. Rfd1 Qd7 20. Nxd6
Bxg2 21. Nxe8 Qxh3 22. Nxf6+ gxf6 23. f3 Bf1 24. Rxf1 Qxg3+ 25. Kh1 Qh3+
26. Kg1 Qg3+ 27. Kh1 Kh8 28. Qc4 Qh3+ 29. Kg1 Qg3+ 30. Kh1 Rg8 31. Qg4 Rxg4
32. fxg4 Qh3+ 33. Kg1 Qg3+ 34. Kh1 Qh4+ 35. Kg1 Qxg4+ 36. Kh1 Qe4+ 37. Kg1
Qg4+ 38. Kh1 Qh3+ 39. Kg1 Qg3+ 40. Kh1 Qh4+ 41. Kg1 Qg5+ 42. Kh1 Qh5+
1/2-1/2

[Event "London Chess Classic 2023"]
[Site "Londra"]
[Date "05.12.2023"]
[Round "5"]
[White "Adams, Michael"]
[Black "Gukesh, Dommaraju"]
[Result "1/2-1/2"]
[WhiteElo "2670"]
[BlackElo "2746"]
[EventDate "2023.12.01"]

1. e4 c5 2. Nf3 Nc6 3. Bb5 e6 4. O-O Nge7 5. Re1 b6 6. c3 a6 7. Ba4 c4 8.
d4 cxd3 9. Qxd3 Ng6 10. Nd4 Qc7 11. Nxc6 dxc6 12. e5 Bb7 13. Nd2 Be7 14.
Bc2 c5 15. Nf3 Rd8 16. Qe2 Qc6 17. Kf1 Kd7 18. Bd3 b5 19. Qc2 Kc7 20. Be4
Qd7 21. a4 Bxe4 22. Qxe4 Qd5 23. Qe2 Qd3 24. Qxd3 Rxd3 25. axb5 axb5 26.
Be3 Rb8 27. Ra5 Rd5 28. Rea1 Rb7 29. Ra8 Nf8 30. Bg5 Ng6 31. Bxe7 Nxe7 32.
Rf8 Ng6 33. Rg8 Kb6 34. Rxg7 h5 35. Re1 Nf4 36. g3 Nd3 37. Re2 Ra7 38. h4
c4 39. Rh7 Rd8 40. Rd2 Ra2 41. Rxf7 Rxb2 42. Re7 Rb1+ 43. Ke2 Rc1 44. Rxe6+
Kc5 45. Ng5 b4 46. cxb4+ Kxb4 47. Nf3 Rc3 48. Rb6+ Kc5 49. Rf6 Re8 50. e6
Nc1+ 51. Kf1 Nd3 52. Ke2 Nc1+ 53. Kf1 Nd3 54. Rd1 1/2-1/2

[Event "London Chess Classic 2023"]
[Site "Londra"]
[Date "05.12.2023"]
[Round "5"]
[White "McShane, Luke"]
[Black "Vitiugov, Nikita"]
[Result "1/2-1/2"]
[WhiteElo "2626"]
[BlackElo "2712"]
[EventDate "2023.12.01"]

1. e4 c5 2. Nf3 d6 3. Bb5+ Nd7 4. Ba4 Ngf6 5. d3 e6 6. c4 Be7 7. Nc3 O-O 8.
O-O a6 9. Ne1 d5 10. Qe2 b5 11. Bc2 d4 12. Nd1 e5 13. f4 exf4 14. Bxf4 Bb7
15. Nf2 Re8 16. Nf3 Nf8 17. Bb3 Ng6 18. Bd2 b4 19. Ba4 Rf8 20. Rae1 Bd6 21.
Bg5 Bf4 22. Bxf4 Nxf4 23. Qd2 Ng6 24. e5 Nd7 25. Ne4 Nb6 26. Bd1 Nd7 27.
Ba4 Nb6 28. Bd1 Nd7 29. Ba4 1/2-1/2

[Event "London Chess Classic 2023"]
[Site "Londra"]
[Date "05.12.2023"]
[Round "5"]
[White "Royal, Shreyas"]
[Black "Bartel, Mateusz "]
[Result "0-1"]
[WhiteElo "2404"]
[BlackElo "2651"]
[EventDate "2023.12.01"]

1. d4 d5 2. c4 c6 3. Nf3 Nf6 4. e3 g6 5. Nc3 Bg7 6. Be2 O-O 7. O-O Be6 8.
b3 Ne4 9. Bb2 Nxc3 10. Bxc3 h6 11. Qc2 Bf5 12. Qb2 e6 13. Rfc1 g5 14. Nd2
Nd7 15. b4 Rc8 16. a4 Re8 17. b5 c5 18. cxd5 exd5 19. dxc5 Bxc3 20. Qxc3
Nxc5 21. Qb4 b6 22. Nf3 Qf6 23. Qa3 Ne4 24. Nd4 Bg6 25. Bf3 Nxf2 26. Kxf2
g4 27. Rxc8 Rxc8 28. Rc1 Rc4 29. Ke2 gxf3+ 30. Nxf3 Bc2 31. Nd4 Rxa4 32.
Qb2 Be4 33. Qb3 Rc4 34. Rxc4 dxc4 35. Qxc4 Bxg2 36. Qc8+ Kh7 37. Qc2+ Qg6
38. Qc7 Be4 39. Kd2 Qg2+ 40. Ke1 Qg1+ 41. Ke2 Bg6 42. Qe5 Qg2+ 43. Ke1 Qe4
44. Nc6 Qb1+ 45. Kf2 a5 46. Ne7 Bd3 47. Nd5 Qf1+ 48. Kg3 Qg1+ 49. Kf3 Qf1+
50. Kg3 Qg1+ 51. Kf3 Qg5 52. Qd4 Bxb5 53. h4 Qf5+ 54. Kg3 h5 55. Nf6+ Kg6
56. Qxb6 Qe5+ 57. Kg2 Bf1+ 0-1

[Event "London Chess Classic 2023"]
[Site "Londra"]
[Date "05.12.2023"]
[Round "5"]
[White "Tabatabaei, Amin"]
[Black "Niemann, Hans Moke"]
[Result "1/2-1/2"]
[WhiteElo "2694"]
[BlackElo "2659"]
[EventDate "2023.12.01"]

1. d4 Nf6 2. c4 e6 3. Nc3 Bb4 4. Qc2 O-O 5. e4 d5 6. e5 Ne4 7. Bd3 c5 8.
Nge2 cxd4 9. Nxd4 Nd7 10. Bf4 Qh4 11. g3 Qh5 12. O-O g5 13. cxd5 gxf4 14.
dxe6 Nxc3 15. exd7 fxg3 16. hxg3 Bxd7 17. bxc3 Rac8 18. Bf5 Bxc3 19. Qd1
Qxd1 20. Raxd1 Rc4 21. Bxd7 Rxd4 22. Rxd4 Bxd4 23. e6 fxe6 24. Bxe6+ Kg7
25. Kg2 b5 26. f4 Re8 27. Bb3 a5 28. Rd1 Rd8 29. a4 b4 30. g4 Bb6 31. Rxd8
Bxd8 1/2-1/2

[Event "London Chess Classic 2023"]
[Site "Londra"]
[Date "07.12.2023"]
[Round "6"]
[White "Volokitin, Andrei"]
[Black "Niemann, Hans Moke"]
[Result "1-0"]
[WhiteElo "2660"]
[BlackElo "2659"]
[EventDate "2023.12.01"]

1. e4 e5 2. Nf3 Nc6 3. Bb5 Nf6 4. O-O Nxe4 5. d4 Nd6 6. Bxc6 dxc6 7. dxe5
Nf5 8. Qxd8+ Kxd8 9. h3 Be7 10. Nc3 Nh4 11. Nxh4 Bxh4 12. Be3 h5 13. Ne2
Ke8 14. f3 Be7 15. g4 f5 16. exf6 gxf6 17. Nf4 hxg4 18. fxg4 f5 19. Rae1
Kf7 20. Bd4 Rd8 21. Rxe7+ Kxe7 22. Bc5+ Kf7 23. g5 Rg8 24. h4 Be6 25. Kf2
Rg6 26. Rg1 Rag8 27. Re1 Re8 28. Rg1 Reg8 29. Bd4 Bd5 30. Be5 b5 31. Bxc7
Be4 32. Rd1 Bxc2 33. Rd7+ Ke8 34. Rd8+ Kf7 35. Rd7+ Ke8 36. Rd2 R6g7 37.
Be5 Rh7 38. Bf6 Rf8 39. Rd8+ 1-0

[Event "London Chess Classic 2023"]
[Site "Londra"]
[Date "07.12.2023"]
[Round "6"]
[White "Bartel, Mateusz "]
[Black "Tabatabaei, Amin"]
[Result "0-1"]
[WhiteElo "2651"]
[BlackElo "2694"]
[EventDate "2023.12.01"]

1. c4 e6 2. Nc3 Nf6 3. e4 c5 4. e5 Ng8 5. d4 cxd4 6. Qxd4 Nc6 7. Qf4 d6 8.
Nf3 Nh6 9. Qe4 dxe5 10. Bxh6 gxh6 11. Nxe5 Qb6 12. O-O-O Bg7 13. Na4 Qc7
14. Nxc6 bxc6 15. g4 Rb8 16. c5 O-O 17. Bd3 Rd8 18. Bc2 Rd5 19. f4 Qa5 20.
a3 Rxb2 21. Nxb2 Qxa3 22. Rxd5 Bxb2+ 23. Kd2 cxd5 24. Qe3 Qb4+ 25. Ke2 Ba6+
26. Bd3 Bd4 27. Qd2 Bc3 28. Qe3 Qb2+ 29. Kf3 Bd2 30. Rb1 Qxb1 31. Bxb1 Bxe3
32. Kxe3 Bb7 33. Kd4 f6 34. Bd3 Bc6 35. Ba6 Kf7 36. h4 h5 37. g5 e5+ 38.
Ke3 fxg5 39. fxg5 h6 0-1

[Event "London Chess Classic 2023"]
[Site "Londra"]
[Date "07.12.2023"]
[Round "6"]
[White "Vitiugov, Nikita"]
[Black "Royal, Shreyas"]
[Result "1/2-1/2"]
[WhiteElo "2712"]
[BlackElo "2404"]
[EventDate "2023.12.01"]

1. e4 c5 2. Nf3 d6 3. d4 cxd4 4. Nxd4 Nf6 5. Nc3 Nc6 6. Bg5 e6 7. Qd2 a6 8.
O-O-O Bd7 9. f3 Nxd4 10. Qxd4 Be7 11. h4 Qc7 12. Kb1 b5 13. Bd3 b4 14. Ne2
a5 15. g4 O-O 16. Bc1 e5 17. Qf2 Be6 18. Ng3 Rfc8 19. Nf5 Bf8 20. h5 Nd7
21. Ne3 Nb6 22. Nd5 Nxd5 23. exd5 Bxd5 24. Bxh7+ Kxh7 25. Rxd5 a4 26. Qe2
Kg8 27. Qd3 b3 28. cxb3 axb3 29. Qxb3 Rcb8 30. Rb5 Qa7 31. Rxb8 Rxb8 32.
Qd3 Qf2 33. g5 Qg2 34. Re1 Qh2 35. a4 Be7 36. Qf5 Qxh5 37. a5 Qh4 38. Re4
Qf2 39. Rc4 g6 40. Qh3 Bf8 41. Rc8 Rxc8 42. Qxc8 Qxf3 43. a6 Qe4+ 44. Qc2
Qa8 45. Qa4 d5 46. Qb5 Qa7 47. Bd2 d4 48. Ba5 Qa8 49. Bb6 Qe4+ 50. Ka2 d3
51. Ba5 Qd4 52. Bc3 Qe3 53. Qd5 Qf4 54. Kb3 Qf1 55. Qxe5 Qd1+ 56. Kc4 Qa4+
57. Kd5 Qd7+ 58. Ke4 f5+ 59. gxf6 d2 60. Bxd2 Qa4+ 61. Qd4 Qxa6 62. Qd5+
Kh8 63. Bc3 Qe2+ 64. Kd4 Qd1+ 65. Kc4 Qa4+ 66. b4 Qa2+ 67. Kd4 Qa7+ 68. Kd3
Kh7 69. b5 Qa3 70. f7 Qc1 71. Qe5 Qd1+ 72. Ke3 Qg1+ 73. Ke2 Qg2+ 74. Kd3
Qf3+ 75. Kc2 Qf2+ 76. Kc1 Qf1+ 77. Kb2 Qf2+ 78. Kb1 Qf1+ 79. Kc2 Qf2+ 80.
Kd3 Qf3+ 81. Qe3 Qf5+ 82. Qe4 Qxb5+ 83. Kc2 Qf5 1/2-1/2